000 00903nam a2200265Ia 4500
003 OSt
005 20221005092847.0
006 a|||||r|||| 00| 0
007 ta
008 221004b |||||||| |||| 00| 0 eng d
020 _a0791460606 (pbk)
_cUKP 25.00
024 _a33471
037 _bIM/2016/17/971, 07/03/2017, Selectbook Service Syndicate
_cTextual
040 _aCRL
_cCRL
_beng
041 _2eng
_aeng
082 _aX.1, P4
100 _aTabachnick David Ed.
_9617853
245 0 _aGlobalization, technology, and philosophy
260 _aNew York
_bState University of New Press U.S.A
_c2004
300 _avi,251p.
_ccm.
650 _aINTERNATIONAL ECONOMIC RELATIONS
700 _a Koivukoski Toivo Ed.
_9617854
942 _hX.1, P4
_cTEXL
_2cc
999 _c999486
_d999486